Countries with the Highest Public Debt - Statistics

General Stats
  • This quiz has been taken 38 times
  • The average score is 6 of 15
Answer Stats
Country % of GDP % Correct
Greece 181.6%
97%
Japan 234.7%
91%
Italy 132.5%
89%
Portugal 126.2%
80%
Spain 99.6%
80%
Belgium 106.7%
51%
Singapore 110.5%
23%
Cyprus 104.6%
20%
Lebanon 132.5%
11%
Jamaica 130.1%
9%
Cape Verde 116.8%
6%
Eritrea 119.8%
6%
Barbados 108.9%
3%
Grenada 110.0%
3%
Mozambique 100.3%
0%
No matching quizzes found
Score Distribution
Percent of People with Each Score
Percentile by Number Answered
Your Score History
You have not taken this quiz